| 000 | 00360 a2200157 4500 | ||
|---|---|---|---|
| 001 | 75361 | ||
| 020 | _a8535611894 | ||
| 040 | _cAnchieta - Colégio São Paulo | ||
| 100 | _aChamlian, Regina | ||
| 240 | 1 | 0 |
_aVi uma estrela lá fora _lpor |
| 245 | 1 | 0 | _aVi uma estrela lá fora |
| 300 | _a24 | ||
| 362 | 0 | _a2003 | |
| 650 | 4 | _aLiteratura infantil | |
| 942 | _cBK | ||
| 999 |
_c75361 _d75361 |
||